Sports Quiz

Random Sports Quiz
Score 0/20 Timer 10:00
0 Plays Today
% Correct
Tony Martin
91.2%
Michael Matthews
89%
Michael Valgren
85.7%
Jasha Sutterlin
84.6%
Vasil Kiryienka
84.6%
Ryder Hesjedal
80.2%
Florian Senechal
73.6%
Damiano Caruso
70.3%
Francisco Ventoso
67%
Ruben Guerreiro
64.8%
% Correct
Jay McCarthy
54.9%
Manuele Boaro
50.5%
Marco Pinotti
49.5%
Miles Scotson
48.4%
Victor Campenaerts
47.3%
Stef Clement
46.2%
Julius van den Berg
40.7%
Sergey Lagutin
39.6%
Michael Barry
39.6%
Cameron Meyer
36.3%
Remove Ads.
Support Sporcle.
Get the best of Sporcle when you Go Orange. This ad-free experience offers more features, more stats, and more fun while also helping to support Sporcle. Thank you for becoming a member.

You're not logged in!

Compare scores with friends on all Sporcle quizzes.
OR
Log In

Show Comments

Extras

Top Quizzes Today


Score Distribution

Your Account Isn't Verified!

In order to create a playlist on Sporcle, you need to verify the email address you used during registration. Go to your Sporcle Settings to finish the process.

Report this User

Report this user for behavior that violates our Community Guidelines.

Details: